000 00302nam a22001337a 4500
008 181019b xxu||||| |||| 00| 0 eng d
020 _a9781933107813
041 _aeng
080 _28 ED
_a610.73
100 _a2
101 _aINF
245 _aRn Mental Health Nursing
_cKnipa.A
942 _2udc
_cBK
999 _c50194
_d50194